Statistics for UK election losers

Click here to take the quiz!

General Stats

  • This quiz has been taken 35 times
  • The average score is 15 of 21

Answer Stats

HintAnswer% Correct
1945Winston Churchill
92%
2010Gordon Brown
88%
2019Jeremy Corbyn
88%
1997John Major
88%
2017Jeremy Corbyn
85%
1950Winston Churchill
85%
1979James Callaghan
81%
1951Clement Attlee
69%
1955Clement Attlee
69%
2015Ed Miliband
69%
1974Edward Heath
69%
2001William Hague
69%
1974Harold Wilson
65%
1983Michael Foot
65%
1992Neil Kinnock
65%
1970Harold Wilson
62%
1987Neil Kinnock
62%
1964Alec Douglas-Home
54%
1966Edward Heath
54%
2005Michael Howard
54%
1959Hugh Gaitskell
46%

Score Distribution

Percentile by Number Answered

Percent of People with Each Score

Your Score History

You have not taken this quiz